000 00746nam a2200193Ia 4500
003 GCL
008 140319s9999 xx 000 0 ara d
020 _a5092337977
040 _aGCL /
_cGCL
082 0 4 _a658.3124
_bع ت
100 1 _aعبدالرحمن توفيق
245 1 0 _aالتدريب عن بعد تنمية الموارد البشرية باستخدام الكمبيوتر والانترنت /
_cعبدالرحمن توفيق
260 _aالقاهرة :
_bمركز الخبرات المهنية للادارة بميك ،
_c2001
300 _a464 ص ؛
_c24 سم
650 0 4 _aالتدريس
650 0 4 _aالتعليم - وسائل سمعية و بصرية
650 0 4 _aالدورات التدريبية
942 _2ddc
_cBK
999 _c5453
_d5453